000 00793nam a2200253Ia 4500
003 OSt
005 20220927103614.0
006 a|||||r|||| 00| 0
007 ta
008 220926b |||||||| |||| 00| 0 eng d
024 _a97474
037 _cReference Collections
040 _aRTL
_cRTL
_beng
041 _2eng
_aeng
082 _a"Y:(G:55)p1,N72, L3/UN"
110 _aUnited Nations Conference On The Human Enviornment (Stockhokm)(1972)
_9360378
245 0 _aReport
260 _aNew
_bYork United Nations USA
_c1973
300 _a"vi,77p"
_ccm.
650 _aSociomery
_9360379
700 _aUnited Nations Conference On The Human Enviornment (Stockhokm)(1972)
_9360380
942 _h"Y:(G:55)p1,N72, L3/UN"
_cCC
999 _c684237
_d684237